LEADER 00955nam a2200241 i 4500 001 000000156809 003 CaOOAMICUS 005 20061214000000.0 008 061214s1960 fr u000 u fre u 013 $a134164 040 $aSeMil$bita 100 1 $aTroyat, Henri,$d<1911-2007>.$0(OLS)http://semarc/name/8300 245 10$aDostoïevski /$cHenri Troyat. 260 $aParis :$bLibrairie Arthème Fayard,$ccopyr. 1960. 300 $a402 p. ;$c18 cm. 500 $aContiene : Bibliographie. - A piè del front. : Marabout. - Fondo Ciprandi. 600 14$aDostoevskij, Fëdor Michajlovi? <1821-1881>.$0(OLS)http://semarc/subject/44922 850 $aSeMil 852 $aSeMil$W1$xVenegono$y1$m1U I 41$j108558$B108558$CSeMilBibl$Z2$F118109 $81 941 1 $a1 961 $aOmaggio: Ciprandi dott. Paolo 996 $6245$aDostoïevski$9(OLS)http://semarc/title/229890 996 $6260$aParis :$bLibrairie Arthème Fayard$9(OLS)http://semarc/publisher/34003 LEADER 01410nam a2200301 i 4500 001 000000137402 003 CaOOAMICUS 005 20050413000000.0 008 050413s1979 it u000 u ita u 013 $a111177 020 $a88-02-02583-5 040 $aSeMil$bita 245 10$aManifesti romantici e altri scritti della polemica classico-romantica /$ca cura di Carlo Calcaterra. 250 $aNuova ed. ampliata. 260 $aTorino :$bUnione Tipografico-Editrice Torinese,$c1979. 300 $a684 p., [9] c. di tav. ;$c24 cm. 490 0 $aClassici Italiani 500 $aContiene : Nota Bibliografica. 650 4$aRomanticismo - Italia - Testi.$0(OLS)http://semarc/subject/26993 650 4$aClassicismo e romanticismo - Italia - Testi.$0(OLS)http://semarc/subject/26994 700 1 $aScotti, Mario,$d<1930-2008>.$0(OLS)http://semarc/name/24465 700 1 $aCalcaterra, Carlo,$d<1884-1952>.$0(OLS)http://semarc/name/2338 830 0$aClassici Italiani .$0(OLS)http://semarc/title/16424 850 $aSeMil 852 $aSeMil$W1$xVenegono$y1$m1G III 8$j238793$B90948$CSeMilBibl$Z2$F95795 $81 996 $6020$a88-02-02583-5$9(OLS)http://semarc/number/125103 996 $6245$aManifesti romantici e altri scritti della polemica classico-romantica$9(OLS)http://semarc/title/200760 996 $6260$aTorino :$bUnione Tipografico-Editrice Torinese$9(OLS)http://semarc/publisher/29628 LEADER 00631nam a2200169 i 4500 001 000000251687 003 CaOOAMICUS 005 20161129000000.0 008 161129s1844 it u000 u mul u 013 $a230592 040 $aSeMil$bita 245 10$aVolume 4. [Parte 3]. 773 0 $tCorpo del diritto civile.$bNuova edizione eseguita su quella di Parigi del 1830.$dVenezia : Giuseppe Antonelli, 1836-1844.$g4$w()33473 850 $aSeMil 852 $aSeMil$W1$xVenegono$y1$m3L V 15 FA$j202033$B202033$CSeMilBibl$Z2$F214491 $8I 961 $aRecupero: Mantegazza 996 $6245$aVolume 4. [Parte 3]$9(OLS)http://semarc/title/353909 LEADER 00870nam a2200229 4500 001 000000336040 003 CaOOAMICUS 005 20190819115045.0 008 190819s1814 it 000 u ita r 026 $adiuo n-el x.e- l'st (3) 1814 (A) 040 $aSeMil$bita 245 00$aVita del generale Moreau. 264 1$aMilano :$bPresso Sonzogno e Compagni,$c1814. 300 $a66, [2] p. ;$c8° 710 2 $aSonzogno e C.$c.$0(OLS)http://semarc/name/11985 752 $aIT$dMilano 773 0 $t[Opuscoli all'epoca della Rivoluzione francese.$w()336031 850 $aSeMil 852 $aSeMil$W1$xVenegono$y1$m3R VII 11/6 FA$j215347$B227873$CSeMilBibl$Z2$F227873 $8I 996 $6245$aVita del generale Moreau$9(OLS)http://semarc/title/425337 996 $6264$aMilano :$bPresso Sonzogno e Compagni$9(OLS)http://semarc/publisher/55439 LEADER 01034nam a2200229 4500 001 000000359005 003 CaOOAMICUS 005 20240722095051.0 008 240722s2016 it a 000 u ita r 020 $a978-88-917403-0-4 040 $aSeMil$bita 245 03$aLa caduta del Regno italico :$b1814 : Varese da Napoleone agli Asburgo /$ca cura di Ivana Pederzani. 264 1$aMilano :$bFranco Angeli,$c2016. 300 $a174 p., [4] carte di tav. :$bill. ;$c23 cm 650 4$aVarese - Storia - 1814.$0(OLS)http://semarc/subject/55942 700 1 $aPederzani, Ivana,$d<1951- >.$0(OLS)http://semarc/name/17421 850 $aSeMil 852 $aSeMil$W1$xVenegono$y1$m3P III 536$j249510$B250069$CSeMilBibl$Z2$F250069 $81 996 $6020$a978-88-917403-0-4$9(OLS)http://semarc/number/300767 996 $6245$aLa caduta del Regno italico :$b1814 : Varese da Napoleone agli Asburgo$9(OLS)http://semarc/title/449427 996 $6264$aMilano :$bFranco Angeli$9(OLS)http://semarc/publisher/30369 LEADER 00833nam a2200193 i 4500 001 000000074473 003 CaOOAMICUS 005 20070727000000.0 008 070727s1963 it u000 u ita u 013 $a45645 040 $aSeMil$bita 100 1 $aJannaco, Carmine.$0(OLS)http://semarc/name/36873 245 13$aIl Seicento /$cCarmine Jannaco professore incaricato di Letteratura italiana nell'Università di Firenze con la collaborazione di Martino Capucci Assistente nella stessa Università. 300 $aXIII, 25 cm. 700 1 $aCapucci, Martino.$0(OLS)http://semarc/name/6635 773 0 $tStoria letteraria d'Italia.$dMilano : Francesco Vallardi, [197?]$w()1512 850 $aSeMil 852 $aSeMil$W1$xVenegono$y1$m1C VI 56$j40625$B40625$CSeMilBibl$Z2$F40629 $81 996 $6245$aIl Seicento$9(OLS)http://semarc/title/27197 LEADER 01222nam a2200265 i 4500 001 000000009147 003 CaOOAMICUS 005 20220325122811.0 008 180830s1964 it u000 u ita u 040 $aSeMil$bita 100 1 $aMaggi, Carlo Maria,$d<1630-1699>.$0(OLS)http://semarc/name/4534 245 13$aIl teatro milanese /$cCarlo Maria Maggi ; a cura di Dante Isella. 260 $aTorino :$bEinaudi,$c1964. 300 $a2 v. ;$c23 cm. 490 1 $aNuova raccolta di classici italiani annotati 500 $aFondo Card. C.M. Martini. - Opera multivolume contenuta in un cofanetto. 650 4$aTeatro italiano - Milano - Storia.$0(OLS)http://semarc/subject/1428 700 1 $aIsella, Dante ,$d<1922-2007>.$0(OLS)http://semarc/name/1198 774 0 $tTesti, traduzione e note.$kNuova raccolta di classici italiani annotati$g1$w()114591 774 0 $tApparati critici e glossario.$kNuova raccolta di classici italiani annotati$g2$w()114592 830 0$aNuova raccolta di classici italiani annotati.$0(OLS)http://semarc/title/12077 941 1 $a4 996 $6245$aIl teatro milanese$9(OLS)http://semarc/title/12081 996 $6260$aTorino :$bEinaudi$9(OLS)http://semarc/publisher/29884